|
|
|
|
| LEADER |
00781nam a22001937a 4500 |
| 008 |
180224b xxu||||| |||| 00| 0 eng d |
| 999 |
|
|
|c 21591
|d 21591
|
| 020 |
|
|
|a 9789386429063
|
| 082 |
|
|
|a 894.11
|b SAN
|
| 100 |
|
|
|a കെ.ജി.എസ്.
|
| 240 |
|
|
|a Njanente ethirkakshi
|
| 245 |
|
|
|a ഞാനെന്റെ എതിര്കക്ഷി /
|c കെ. ജി. എസ്.
|
| 260 |
|
|
|a തൃശൂര് :
|b കറന്റ് ബുക്സ് തൃശൂര്,
|c 2017.
|
| 300 |
|
|
|a 143p.
|
| 650 |
|
|
|a Poem
|
| 650 |
|
|
|a കവിത
|
| 700 |
|
|
|a Sankara Pillai, K. G.
|e K. G. S.
|
| 942 |
|
|
|2 ddc
|c BK
|
| 952 |
|
|
|0 0
|1 0
|2 ddc
|4 0
|6 894_110000000000000_SAN
|7 0
|9 29911
|a MAIN
|b MAIN
|d 2018-02-24
|e D.C. Books
|g 140.00
|l 2
|m 1
|o 894.11 SAN
|p 29908
|r 2018-12-07
|s 2018-12-06
|t 1
|w 2018-02-24
|y BK
|